• 首页
  • 本馆介绍
  • 公告通知
  • 最新文献
  • 馆藏检索
  • 电子资源
  • 读者导购
  • 参考咨询
  • 我的图书馆
  • 登录
  • 详细信息显示
  • 放入我的书架
  • 预约/预借图书
  • 作者相关作品
  • 分类相关作品
  • 丛书相关作品
  • 出版社相关作品

书目信息

  • 表格格式
  • 工作单格式
  • 卡片格式
题名:
旅游景区解说系统规划与设计
    
 
作者: 张立明 , 胡道华 著
分册:  
出版信息: 北京   中国旅游出版社  2006
页数: 285页
开本: 23cm
丛书名:
单 册:
中图分类: F592.6
科图分类:
主题词: 风景区--导游--解说词--规划--中国 , 风景区--导游--解说词--设计--中国
电子资源:
ISBN: 7-5032-2971-3
000 01134nam0 2200289 450
001 012004085589
005 20070807150223.75
009 012004085589
010    @a7-5032-2971-3@dCNY29.80
035    @a(110019)012006110332
100    @a20061027d2006 em y0chiy0110 ea
101 0  @achi
102    @aCN@b110000
105    @aa z 000yy
106    @ar
200 1  @a旅游景区解说系统规划与设计@Alv you jing qu jie shuo xi tong gui hua yu she ji@dInterpretation system planning and designing of scenic areas@f张立明, 胡道华著@Fzhang li ming , hu dao hua zhu@zeng
210    @a北京@c中国旅游出版社@d2006
215    @a285页@c图@d23cm
330    @a本书在借鉴和吸收发达国家旅游景区解说的经验和理论成果的基础上,针对国内旅游景区解说现状,全面系统地论述了旅游景区解说系统规划与设计的理论与方法。
510 1  @aInterpretation system planning and designing of scenic areas@zeng
606 0  @a风景区@x导游@x解说词@x规划@y中国
606 0  @a风景区@x导游@x解说词@x设计@y中国
690    @aF592.6@v4
701  0 @a张立明@Azhang li ming@4著
701  0 @a胡道华@Ahu dao hua@4著
801  0 @aCN@b110019@c20070807
905    @dF592.6@e216@f1
    
    旅游景区解说系统规划与设计=Interpretation system planning and designing of scenic areas/张立明, 胡道华著.-北京:中国旅游出版社,2006
    285页:图;23cm
    
    
    ISBN 7-5032-2971-3:CNY29.80
    本书在借鉴和吸收发达国家旅游景区解说的经验和理论成果的基础上,针对国内旅游景区解说现状,全面系统地论述了旅游景区解说系统规划与设计的理论与方法。
●
相关链接 在E读中查询图书 在五车中查询图书 在当当中查询图书 在豆瓣中查询图书


正题名:旅游景区解说系统规划与设计     索取号:F592.6/216         预约/预借

序号 登录号 条形码 馆藏地/架位号 状态 备注
1 0853254   208532541   第一样本阅览室/ [索取号:F592.6/216] 在馆    
唐山师范学院图书馆 欢迎您!
大连网信软件有限公司© 版权所有